000 00296nam a22001337a 4500
008 180807b xxu||||| |||| 00| 0 eng d
082 _a813.52
245 _aManagerial accounting
_cFOLK.M.J
260 _c2003
300 _a1
_fCD
440 _x007123431D
760 _b10 th
942 _2ddc
_cMX
999 _c46918
_d46918